United States Supreme Court Reports 161 (Record no. 619687)

MARC details
000 -LEADER
fixed length control field 00474nam a22001817a 4500
008 - FIXED-LENGTH DATA ELEMENTS--GENERAL INFORMATION
fixed length control field 260424b |||||||| |||| 00| 0 eng d
020 ## - INTERNATIONAL STANDARD BOOK NUMBER
Paper back/Hardbound hbk
082 ## - DEWEY DECIMAL CLASSIFICATION NUMBER
Classification number 348.7346 UNI.161
245 ## - TITLE STATEMENT
Title United States Supreme Court Reports 161
250 ## - EDITION STATEMENT
Edition statement Lawyers
260 ## - PUBLICATION, DISTRIBUTION, ETC. (IMPRINT)
Place of publication colorado springs:
Name of publisher Lexisnexis,
Year of publication 2004.
300 ## - PHYSICAL DESCRIPTION
Number of Pages 1xxxv,1282p.
Dimensions ;24cm.
490 ## - SERIES STATEMENT
Volume number/sequential designation vol.543 US (part) and 544 US
500 ## - GENERAL NOTE
General note Index
650 ## - SUBJECT ADDED ENTRY--TOPICAL TERM
Topical Term Law
942 ## - ADDED ENTRY ELEMENTS (KOHA)
Koha item type English Books
Holdings
Withdrawn status Lost status Damaged status Not for loan Home library Current library Shelving location Date acquired Full call number Accession Number Price effective from Koha item type
        Anna Centenary Library Anna Centenary Library 4TH FLOOR, A WING 24.04.2026 348.7346 UNI.161 478631 24.04.2026 English Books

Find us on the map